000
00335 a2200157 4500
001
160089
020
_a
040
_c
Magnum
100
_a
Machado, Ana Maria
240
1
0
_a
O tesouro da raposa
_l
por
245
1
0
_a
O tesouro da raposa
362
0
_a
1899
440
1
_a
Melhoramentos
697
_a
LITERATURA INFANTIL
942
_c
BK
999
_c
160089
_d
160089